Önkormányzatiság a kelet-közép-európai demokratizálásban
Elmentve itt :
| Szerző: | |
|---|---|
| Adatforrás: | Meister |
| Forrásdokumentuma: | A Hét. - 35 ; 36 ; 37 sz., 1998, 9-11 ; 9-10 ; 9-10 p. |
| Nyelv: | magyar |
| Kulcsszavak: | politológia alkotmányjog politikai intézmények önkormányzat kisebbségpolitika (magyar) l: magyar kisebbségpolitika magyar kisebbségpolitika civil társadalom kisebbségpolitika Magyarország Kelet-Európa KUKORELLI István FERGE Zsuzsa PUTMAN Robert D. ILLÉS Iván |
| LEADER | 00840nab a2200277 i 4500 | ||
|---|---|---|---|
| 001 | bibPRO00007604 | ||
| 008 | 060524s1998 xx hun | ||
| 040 | |a Sz1 | ||
| 041 | |a hun | ||
| 100 | 1 | |a ÁGH Attila | |
| 245 | 1 | 0 | |a Önkormányzatiság a kelet-közép-európai demokratizálásban |c ÁGH Attila |
| 695 | |a politológia | ||
| 695 | |a alkotmányjog | ||
| 695 | |a politikai intézmények | ||
| 695 | |a önkormányzat | ||
| 695 | |a kisebbségpolitika (magyar) l: magyar kisebbségpolitika | ||
| 695 | |a magyar kisebbségpolitika | ||
| 695 | |a civil társadalom | ||
| 695 | |a kisebbségpolitika | ||
| 695 | |a Magyarország | ||
| 695 | |a Kelet-Európa | ||
| 695 | |a KUKORELLI István | ||
| 695 | |a FERGE Zsuzsa | ||
| 695 | |a PUTMAN Robert D. | ||
| 695 | |a ILLÉS Iván | ||
| 773 | 0 | |t A Hét. - |g 35 ; 36 ; 37 sz., 1998, 9-11 ; 9-10 ; 9-10 p. | |